000 00859cam a22002534a 4500
001 12354852
005 20180214075301.0
008 010322s2002 nju b 001 0 eng
010 _a 2001033000
020 _a0805835660 (cloth : alk. paper)
020 _a0805835679 (pbk.)
040 _aDLC
_cDLC
_dDLC
041 _aeng
042 _apcc
080 _a302.34 MON
082 0 0 _a302.34 MON
_221
100 1 _a50
101 _aSOC
245 1 0 _aWomen and men as friends :
_cMichael Monsour.
504 _aIncludes bibliographical references (p. 231-262) and indexes.
906 _a7
_bcbc
_corignew
_d1
_eocip
_f20
_gy-gencatlg
942 _2ddc
_cBK
999 _c42513
_d42513